000 00754nam a2200241Ia 4500
003 OSt
005 20220925231236.0
006 a|||||r|||| 00| 0
007 ta
008 220923b |||||||| |||| 00| 0 eng d
037 _cGeneral Book
040 _aRTL
_cRTL
_beng
041 _2eng
_aeng
082 _aY:6.612.N02, L2
100 _aIsaacman Allen F
_915660
245 0 _aMozambique
_b The Africanization of a European Insti
260 _aMadison
_bUniversity of Wisconsin Press
_c1972
300 _axviii,260p
_ccm.
500 _aBibliography: p 238-252; Appendix: p 167-174; Glossary: p xvii-xviii
650 _aSocial Change
942 _hY:6.612.N02, L2
_cGB
_2CC
999 _c587827
_d587827